|
|
|
|
| LEADER |
00000naa2a2200000 4500 |
| 001 |
173787 |
| 005 |
20231031164522.0 |
| 035 |
|
|
|a (RuTPU)RU\TPU\book\188468
|
| 035 |
|
|
|a RU\TPU\tpu\7129
|
| 090 |
|
|
|a 173787
|
| 100 |
|
|
|a 20091230d1932 k y0rusy50 ca
|
| 101 |
0 |
|
|a rus
|
| 102 |
|
|
|a RU
|
| 200 |
1 |
|
|a Рационализация выбора системы печи для обжига изделий силикатной промышленности
|f И. Ф. Пономарев
|
| 463 |
|
0 |
|0 (RuTPU)RU\TPU\book\186250
|t Труды Первого краевого энергетического съезда Западной Сибири, 18-22 июня 1932 г.
|f Краевой энергетический комитет Западной Сибири ; под ред. А. В. Апушкина, А. Н. Бурумова, Я. Ю. Харита
|v С. 422-455
|d 1932
|p 472, [3] с.
|
| 610 |
1 |
|
|a химическая промышленность
|
| 610 |
1 |
|
|a труды учёных ТПУ
|
| 700 |
|
1 |
|a Пономарев
|b И. Ф.
|c российский химик-неорганик
|c профессор ТТИ
|f 1882-1982
|g Иван Федорович
|2 stltpush
|3 (RuTPU)RU\TPU\pers\21876
|
| 801 |
|
0 |
|a RU
|b 63413507
|c 20011210
|g PSBO
|
| 801 |
|
2 |
|a RU
|b 63413507
|c 20091230
|g PSBO
|
| 942 |
|
|
|c BK
|